| 000 | 00641nam a2200193 4500 | ||
|---|---|---|---|
| 008 | 240701b |||||||| |||| 00| 0 eng d | ||
| 082 |
_a303.69 _bAID |
||
| 245 | _aAid, conflict and peacebuilding in Sri Lanka 2000-2005 | ||
| 260 |
_aColombo: _bThe Asia Foundation, _c2005 |
||
| 300 |
_a iii, 111 p. ; 29 cm _bBibiliography included |
||
| 440 |
_aSix-part series _vNo.1 |
||
| 650 | _aCONFLICT MANAGEMENT- Sri Lanka | ||
| 650 | _aEconomic assistance- Sri Lanka | ||
| 650 | _aPeace-building- Sri Lanka | ||
| 700 | _aGoodhand, Jonathan | ||
| 700 | _aKlem, Bart | ||
| 856 | _uhttps://noolaham.net/project/142/14101/14101.pdf | ||
| 942 | _cRP | ||
| 999 |
_c4952 _d4952 |
||